00574nam a2200193 a 4500001001300000003000900013005001700022008004100039020002600080082001700106100001900123245008100142260004200223300000900265500003500274505001500309650003700324700001900361nice12345678IN_TiNIC20260116012255.0050524s1980 graa grp 000 0 eng  a0801062 c340.5500a248.246bPAR aParshall, Phil aNew Paths in Muslim Evangelismb Evangelical Approaches to Contextualization aGrand RapidsbBaker Book House c1980 a280p aincludes index and biblioraphy2 aBib, Index aConversion-Islam to Christianity1 aParshall, Phil